00463nam a2200193 a 4500001001300000003000900013005001700022008004100039020001000080082001500090100001500105245002000120260003000140300000900170500003500179505001700214650002300231700001500254nice12345678IN_TiNIC20260116011508.0050524s1944 lona grp 000 0 eng  ac10000a275.4bHOD aHodge, J Z aSalute to India aLondonbS C M Pressc1944 a127p aincludes index and biblioraphy2 aBibliography aChristianity-India1 aHodge, J Z